Výsledky prieskumu manažmentu znalostí v podnikoch Košického a Prešovského samosprávneho kraja

Bibliographic Details
Main Author: Špavelko, Rastislav (Author)
Format: Article
Language:Slovak

MARC

LEADER 00000nab a2200000 a 4500
001 vtls010715295
003 SK-MaSNL
005 20260304195208.0
008 250709s2006 xo |||||||||||||||||slo|
035 |a (urnnbn)urn:nbn:sk:snk:ar-a04kde 
035 |a (uuid)d024a314-8d2f-4a38-a588-eef430f9cfe0 
035 |a urn:nbn:sk:snk-ab3hk3 
040 |a SNKBUCL  |b slo  |c SNKBUCL  |e AACR2 
041 0 |a slo 
044 |a xo  |c SK 
100 1 |a Špavelko, Rastislav  |4 aut  |9 815113 
245 1 0 |a Výsledky prieskumu manažmentu znalostí v podnikoch Košického a Prešovského samosprávneho kraja  |c Rastislav Špavelko 
773 0 |t Nová ekonomika : vedecký časopis Obchodnej fakulty Ekonomickej univerzity v Bratislave  |g Roč. 5, č. 4 (2006), s. 85-91 
850 |a Slovenská národná knižnica 
852 |a Slovenská národná knižnica 
954 |a odborná, vedecká literatúra pôvodná (slovenská)  |2 lita 
958 |a article1 
958 |a OND 
958 |a EUIPO 
999 |c 3080021  |d 3081951